[Event "Hum na Sutli op 15th"]
[Site "Hum na Sutli"]
[Date "2023.08.28"]
[Round "4"]
[White "Hamer, Ivan"]
[Black "Zelenika, Zoran"]
[Result "0-1"]
[WhiteElo "1873"]
[BlackElo "2065"]
[PlyCount "60"]
[EventDate "2023.08.26"]
[EventType "swiss"]
[EventRounds "9"]
[EventCountry "CRO"]
[SourceTitle "EXT 2024"]
[Source "ChessBase"]
[SourceDate "2023.10.10"]
[SourceVersion "1"]
[SourceVersionDate "2023.10.10"]
[SourceQuality "1"]

1. d4 d5 2. c4 dxc4 3. e4 e5 4. Nf3 exd4 5. Nxd4 Bc5 6. Be3 Qe7 7. Bxc4 Bb4+ 8. Kf1 c6 9. Nd2 Nf6 10. f3 0-0 11. N2b3 Nd5 12. Bf2 Nb6 13. Be2 Rd8 14. Qc1 Bd6 15. Qe3 Na4 16. Qc1 Qf6 17. Qe1 c5 18. Bh4 g5 19. Qa5 gxh4 20. Nb5 Nb6 21. Rd1 Nc6 22. Qe1 Be5 23. Nxc5 Rxd1 24. Bxd1 a6 25. Nc3 Be6 26. Nxe6 fxe6 27. g3 Rd8 28. gxh4 Nc4 29. Bb3 Nd2+ 30. Kg2 Qxf3+ 0-1

[Event "Hum na Sutli op 15th"]
[Site "Hum na Sutli"]
[Date "2023.08.27"]
[Round "3"]
[White "Zelenika, Zoran"]
[Black "Kucelj, Kevin"]
[Result "1-0"]
[WhiteElo "2065"]
[BlackElo "1431"]
[PlyCount "51"]
[EventDate "2023.08.26"]
[EventType "swiss"]
[EventRounds "9"]
[EventCountry "CRO"]
[SourceTitle "EXT 2024"]
[Source "ChessBase"]
[SourceDate "2023.10.10"]
[SourceVersion "1"]
[SourceVersionDate "2023.10.10"]
[SourceQuality "1"]

1. Nf3 d5 2. g3 c6 3. Bg2 Bg4 4. c4 Nf6 5. cxd5 cxd5 6. Qb3 Qc7 7. 0-0 e6 8. Nc3 a6 9. d3 Bd6 10. Bg5 Nfd7 11. Rac1 Nc6 12. Qa4 Bxf3 13. Nb5 Qb8 14. Nxd6+ Qxd6 15. Bxf3 0-0 16. Be3 Qe5 17. Qb3 Qf6 18. Qxb7 Nde5 19. Bg2 Rfb8 20. Qc7 Rxb2 21. d4 Rxe2 22. dxe5 Nxe5 23. Qb7 Rf8 24. Rc8 Ng6 25. Rxf8+ Nxf8 26. Qxa6 1-0

[Event "Hum na Sutli op 13th"]
[Site "Hum na Sutli"]
[Date "2019.08.26"]
[Round "4"]
[White "Ghersinich, Enrico"]
[Black "Zelenika, Zoran"]
[Result "1/2-1/2"]
[WhiteElo "2193"]
[BlackElo "2108"]
[PlyCount "99"]
[EventDate "2019.08.24"]
[EventType "swiss"]
[EventRounds "9"]
[EventCountry "CRO"]
[SourceTitle "EXT 2020"]
[Source "ChessBase"]
[SourceDate "2019.10.17"]
[SourceVersion "1"]
[SourceVersionDate "2019.10.17"]
[SourceQuality "1"]

1. e4 c5 2. Nf3 e6 3. c3 d6 4. d4 Nf6 5. dxc5 dxc5 6. Qxd8+ Kxd8 7. Bg5 h6 8. Bxf6+ gxf6 9. Na3 a6 10. 0-0-0+ Kc7 11. e5 fxe5 12. Nxe5 Rh7 13. g3 Nd7 14. Nac4 Nxe5 15. Nxe5 f6 16. Ng4 Be7 17. Bg2 Rb8 18. f4 b5 19. Rhe1 h5 20. Ne3 f5 21. Bf3 Bd6 22. h4 Bd7 23. Rd2 Bc6 24. Bxc6 Kxc6 25. Nf1 Rh6 26. a4 Rg8 27. axb5+ axb5 28. Kc2 Bc7 29. Ra1 Rhg6 30. Re2 Rd8 31. b3 Kb7 32. Rae1 Rd6 33. Re3 c4 34. bxc4 bxc4 35. Rb1+ Kc8 36. Nd2 Rd3 37. Rbe1 Rxg3 38. Rxg3 Rxg3 39. Rxe6 Bxf4 40. Nxc4 Rg2+ 41. Kd3 Rg3+ 42. Kd4 Bc7 43. Rf6 f4 44. Rf5 Rg4 45. Kd5 Kb7 46. Rf7 f3 47. Nd6+ Kb6 48. Nc4+ Kb7 49. Ne5 Rxh4 50. Nxf3 1/2-1/2

[Event "Hum na Sutli op 12th"]
[Site "Hum na Sutli"]
[Date "2018.08.30"]
[Round "8"]
[White "Kukas, Oliver"]
[Black "Zelenika, Zoran"]
[Result "1-0"]
[WhiteElo "2160"]
[BlackElo "2109"]
[PlyCount "97"]
[EventDate "2018.08.25"]
[EventType "swiss"]
[EventRounds "9"]
[EventCountry "CRO"]
[SourceTitle "CBM 186 Extra"]
[Source "ChessBase"]
[SourceDate "2018.08.24"]
[SourceVersion "1"]
[SourceVersionDate "2018.08.24"]
[SourceQuality "1"]

1. d4 Nf6 2. Bf4 d5 3. e3 c5 4. c3 Nc6 5. Nd2 Bf5 6. Ngf3 e6 7. Qb3 Qb6 8. Nh4 Bg4 9. h3 Bh5 10. g4 Bg6 11. Nxg6 hxg6 12. Bg2 Qxb3 13. axb3 Nd7 14. 0-0 f6 15. Bg3 Be7 16. e4 dxe4 17. Nxe4 cxd4 18. cxd4 Nxd4 19. Nd6+ Kf8 20. Kh1 e5 21. Nxb7 Nxb3 22. Rad1 Nd4 23. Rfe1 g5 24. Rc1 Nb6 25. Rc7 Ne6 26. Rc6 Kf7 27. Ra1 Nd4 28. Rc7 Nb5 29. Rc6 Rac8 30. Rxc8 Nxc8 31. Ra5 Nd4 32. Bd5+ Ke8 33. Kg2 Kd7 34. Be4 Kc7 35. f3 Ne2 36. Ra4 Nxg3 37. Kxg3 Rf8 38. Ra1 Bb4 39. Ra4 Be1+ 40. Kg2 g6 41. Rc4+ Kb6 42. Rc6+ Kb5 43. Rxc8 Rxc8 44. Nd6+ Ka6 45. Nxc8 Bb4 46. Bxg6 Bc5 47. Kf1 Kb5 48. Bf7 a5 49. Ke2 1-0

[Event "Hum na Sutli op 12th"]
[Site "Hum na Sutli"]
[Date "2018.08.26"]
[Round "3"]
[White "Zelenika, Zoran"]
[Black "Stocko, Josip"]
[Result "0-1"]
[WhiteElo "2109"]
[BlackElo "2278"]
[PlyCount "56"]
[EventDate "2018.08.25"]
[EventType "swiss"]
[EventRounds "9"]
[EventCountry "CRO"]
[SourceTitle "CBM 186 Extra"]
[Source "ChessBase"]
[SourceDate "2018.08.24"]
[SourceVersion "1"]
[SourceVersionDate "2018.08.24"]
[SourceQuality "1"]

1. d4 Nf6 2. Nf3 e6 3. Bf4 d5 4. e3 c5 5. c3 Nc6 6. h3 a6 7. Bd3 Bd6 8. dxc5 Bxc5 9. Nbd2 Nh5 10. Bh2 Bd6 11. Bxd6 Qxd6 12. e4 Nf4 13. Bf1 0-0 14. g3 Ng6 15. Bg2 Rd8 16. 0-0 dxe4 17. Nxe4 Qe7 18. Qe2 f5 19. Ned2 e5 20. Nc4 e4 21. Nfd2 Be6 22. f4 Rd3 23. Kh2 Rad8 24. Rad1 Qd7 25. Nxe4 fxe4 26. Bxe4 Rxd1 27. Bxc6 Qxc6 28. Rxd1 Rxd1 0-1

[Event "Hum na Sutli op 11th"]
[Site "Hum na Sutli"]
[Date "2017.09.02"]
[Round "9"]
[White "Kozina, Zdenko"]
[Black "Zelenika, Zoran"]
[Result "0-1"]
[WhiteElo "1938"]
[BlackElo "2109"]
[PlyCount "80"]
[EventDate "2017.08.25"]
[EventType "swiss"]
[EventRounds "9"]
[EventCountry "CRO"]
[SourceTitle "EXT 2018"]
[Source "ChessBase"]
[SourceDate "2017.10.13"]
[SourceVersion "1"]
[SourceVersionDate "2017.10.13"]
[SourceQuality "1"]

1. d4 Nf6 2. Nf3 e6 3. Bg5 Be7 4. e3 c5 5. c3 b6 6. Bd3 Bb7 7. 0-0 h6 8. Bh4 g5 9. Bg3 g4 10. Ne5 h5 11. Bh4 a6 12. Qb3 d6 13. Ng6 fxg6 14. Bxg6+ Kd7 15. dxc5 Ne4 16. Bxe7 Kxe7 17. Bxe4 Bxe4 18. cxd6+ Qxd6 19. Rd1 Qc5 20. Nd2 Bd5 21. c4 Bb7 22. Qc3 Rg8 23. b4 Qc6 24. e4 Nd7 25. Qg3 Nf6 26. b5 axb5 27. cxb5 Qxb5 28. Qc7+ Qd7 29. Qxb6 Rgd8 30. Rac1 Rac8 31. Rb1 Ba8 32. Qb4+ Kf7 33. e5 Qd5 34. f3 Qxe5 35. Nc4 Rxd1+ 36. Rxd1 Qc5+ 37. Qxc5 Rxc5 38. Nb6 Bc6 39. Rd2 gxf3 40. gxf3 Bxf3 0-1

[Event "Hum na Sutli op 10th"]
[Site "Hum na Sutli"]
[Date "2016.09.01"]
[Round "7"]
[White "Zelenika, Zoran"]
[Black "Medic, Mirjana"]
[Result "1/2-1/2"]
[WhiteElo "2147"]
[BlackElo "2160"]
[PlyCount "113"]
[EventDate "2016.08.26"]
[EventType "swiss"]
[EventRounds "9"]
[EventCountry "CRO"]
[SourceTitle "CBM 174 Extra"]
[Source "ChessBase"]
[SourceDate "2016.10.10"]
[SourceVersion "1"]
[SourceVersionDate "2016.10.10"]
[SourceQuality "1"]

1. Nf3 d5 2. g3 Nf6 3. Bg2 c5 4. c4 d4 5. b4 cxb4 6. a3 bxa3 7. Bxa3 Nc6 8. d3 g6 9. Nbd2 Bg7 10. 0-0 0-0 11. Qa4 Bd7 12. Qb3 b6 13. Ra2 Re8 14. Rfa1 h6 15. Bb2 e5 16. Ne1 a5 17. Ba3 Qc7 18. Rb1 Rab8 19. Rab2 Na7 20. Rc2 Bg4 21. h3 Bd7 22. Qa2 Bc6 23. Bxc6 Qxc6 24. Rcb2 e4 25. dxe4 Nxe4 26. Nxe4 Rxe4 27. Nd3 Ree8 28. Rc2 h5 29. Bc1 Qd7 30. c5 bxc5 31. Rxb8 Rxb8 32. Rxc5 Rb5 33. Rc2 Nc6 34. Bf4 Nb4 35. Nxb4 axb4 36. Rc7 Qd5 37. Qxd5 Rxd5 38. Rb7 d3 39. exd3 Bc3 40. Kf1 Rxd3 41. Ke2 Rd5 42. Be3 Kf8 43. h4 Ke8 44. Bg5 f6 45. Bc1 Rd7 46. Rb5 Ke7 47. f3 Ke6 48. g4 hxg4 49. fxg4 Rd5 50. Rxd5 Kxd5 51. Kd3 Ke6 52. h5 gxh5 53. gxh5 f5 54. Kc4 Kf6 55. Bf4 Kg7 56. Kb3 Be1 57. Kc4 1/2-1/2

[Event "CRO Cup"]
[Site "Mali Losinj"]
[Date "2016.05.07"]
[Round "5.131"]
[White "Saric, Sinisa"]
[Black "Zelenika, Zoran"]
[Result "1-0"]
[WhiteElo "2448"]
[BlackElo "2153"]
[PlyCount "77"]
[EventDate "2016.05.04"]
[EventType "team-swiss"]
[EventRounds "6"]
[EventCountry "CRO"]
[SourceTitle "CBM 172 Extra"]
[Source "ChessBase"]
[SourceDate "2016.06.21"]
[SourceVersion "1"]
[SourceVersionDate "2016.06.21"]
[SourceQuality "1"]
[WhiteTeam "Pacetin Sloga"]
[BlackTeam "Hum na Sutli Straza"]
[WhiteTeamCountry "CRO"]
[BlackTeamCountry "CRO"]

1. d4 Nf6 2. c4 e6 3. Nc3 Bb4 4. Qc2 d5 5. cxd5 exd5 6. Nf3 0-0 7. Bg5 h6 8. Bh4 Be7 9. e3 Nbd7 10. Bd3 c6 11. 0-0 Re8 12. Bg3 Nh5 13. Nxd5 Nxg3 14. Nxe7+ Qxe7 15. hxg3 c5 16. Bb5 cxd4 17. exd4 Qd6 18. Rfe1 Rxe1+ 19. Rxe1 Nf6 20. Qc5 Qxc5 21. dxc5 Be6 22. a3 a6 23. Ba4 Rd8 24. Rd1 Rxd1+ 25. Bxd1 Ne4 26. b4 Nc3 27. Bc2 Kf8 28. Nd4 Bd5 29. f3 g6 30. Kf2 Bc4 31. g4 Ke7 32. Ke3 Nd5+ 33. Kd2 Nf6 34. Bb3 Bxb3 35. Nxb3 Kd7 36. Na5 Kc7 37. Nc4 Nd7 38. Kd3 f6 39. Kd4 1-0

[Event "CRO Cup"]
[Site "Mali Losinj"]
[Date "2016.05.05"]
[Round "3.111"]
[White "Zelenika, Zoran"]
[Black "Zufic, Miroslav"]
[Result "0-1"]
[WhiteElo "2153"]
[BlackElo "2462"]
[PlyCount "53"]
[EventDate "2016.05.04"]
[EventType "team-swiss"]
[EventRounds "6"]
[EventCountry "CRO"]
[SourceTitle "CBM 172 Extra"]
[Source "ChessBase"]
[SourceDate "2016.06.21"]
[SourceVersion "1"]
[SourceVersionDate "2016.06.21"]
[SourceQuality "1"]
[WhiteTeam "Hum na Sutli Straza"]
[BlackTeam "Pula Pula"]
[WhiteTeamCountry "CRO"]
[BlackTeamCountry "CRO"]

1. d4 Nf6 2. Nf3 d5 3. Bf4 c5 4. c3 Nc6 5. e3 e6 6. Bd3 Bd6 7. Bg5 0-0 8. Nbd2 e5 9. dxe5 Nxe5 10. Nxe5 Bxe5 11. Nf3 Bc7 12. Bc2 Be6 13. Qd3 g6 14. Rd1 Kg7 15. b4 Qd6 16. bxc5 Qxc5 17. Qd4 Qxd4 18. cxd4 Ba5+ 19. Ke2 Ne4 20. Kf1 Rac8 21. Bb3 f6 22. Bh4 g5 23. Bg3 h5 24. h3 Rc3 25. Ke2 Bd7 26. Rc1 Bb5+ 27. Kd1 0-1

[Event "Krapina Regional Cup"]
[Site "Krapina"]
[Date "2016.02.14"]
[Round "2"]
[White "Zelenika, Zoran"]
[Black "Gorup, Damir"]
[Result "1-0"]
[WhiteElo "2134"]
[BlackElo "1884"]
[PlyCount "57"]
[EventDate "2016.02.14"]
[EventType "team-swiss"]
[EventRounds "5"]
[EventCountry "CRO"]
[SourceTitle "CBM 171 Extra"]
[Source "ChessBase"]
[SourceDate "2016.04.26"]
[SourceVersion "1"]
[SourceVersionDate "2016.04.26"]
[SourceQuality "1"]

1. Nf3 Nf6 2. g3 d5 3. Bg2 c5 4. 0-0 e6 5. d4 Nc6 6. c4 Be7 7. cxd5 exd5 8. Nc3 Be6 9. Bf4 0-0 10. Rc1 c4 11. Ng5 a6 12. e4 h6 13. Nxe6 fxe6 14. Bh3 dxe4 15. Bxe6+ Kh8 16. d5 Nb4 17. d6 Nd3 18. dxe7 Qxe7 19. Bxc4 Nxf4 20. gxf4 e3 21. Qe2 exf2+ 22. Rxf2 Qc5 23. b4 Qxb4 24. Nd5 Qc5 25. Qe3 Rac8 26. Qxc5 Rxc5 27. Nxf6 Rxf6 28. Rcc2 Rcf5 29. Bd3 1-0

[Event "Zagreb op"]
[Site "Zagreb"]
[Date "2015.04.20"]
[Round "5"]
[White "Zelenika, Zoran"]
[Black "Jovanic, Ognjen"]
[Result "0-1"]
[WhiteElo "2124"]
[BlackElo "2474"]
[PlyCount "60"]
[EventDate "2015.04.17"]
[EventType "swiss"]
[EventRounds "9"]
[EventCountry "CRO"]
[SourceTitle "CBM 166 Extra"]
[Source "ChessBase"]
[SourceDate "2015.06.18"]
[SourceVersion "1"]
[SourceVersionDate "2015.06.18"]
[SourceQuality "1"]

1. Nf3 d5 2. g3 Nf6 3. Bg2 c5 4. 0-0 Nc6 5. d4 e6 6. c3 Be7 7. Nbd2 0-0 8. dxc5 Bxc5 9. b4 Be7 10. a4 Qc7 11. Qb3 e5 12. e4 dxe4 13. Ng5 h6 14. Ngxe4 Nxe4 15. Bxe4 Kh8 16. a5 g6 17. Bd5 Bh3 18. Re1 f5 19. Nc4 Rad8 20. Nb6 e4 21. Qc4 Bg4 22. f4 exf3 23. Re6 Bd6 24. Kf2 f4 25. Rxd6 Qxd6 26. Bxf4 Qf6 27. Rc1 Rde8 28. h3 Re2+ 29. Qxe2 fxe2 30. hxg4 Ne5 0-1

[Event "Hum na Sutli op 8th"]
[Site "Hum na Sutli"]
[Date "2014.09.05"]
[Round "9"]
[White "Janzekovic, Klemen Tilen"]
[Black "Zelenika, Zoran"]
[Result "1/2-1/2"]
[WhiteElo "1864"]
[BlackElo "2099"]
[PlyCount "86"]
[EventDate "2014.08.29"]
[EventType "swiss"]
[EventRounds "9"]
[EventCountry "CRO"]
[SourceTitle "CBM 162 Extra"]
[Source "ChessBase"]
[SourceDate "2014.10.17"]
[SourceVersion "1"]
[SourceVersionDate "2014.10.17"]
[SourceQuality "1"]

1. e4 c5 2. b4 cxb4 3. a3 e6 4. axb4 Bxb4 5. c3 Be7 6. d4 d6 7. Bd3 Nf6 8. f4 e5 9. Nf3 exf4 10. Bxf4 0-0 11. Nbd2 Qc7 12. Qc2 h6 13. 0-0 Nh5 14. Be3 a6 15. Rf2 Nc6 16. Raf1 b5 17. h3 Ng3 18. Re1 f5 19. Nh2 fxe4 20. Rxf8+ Bxf8 21. Nxe4 Nf5 22. Bf4 Ncxd4 23. cxd4 Qxc2 24. Bxc2 Nxd4 25. Bb1 d5 26. Ba2 Bb7 27. Bd6 b4 28. Bxf8 Rxf8 29. Nc5 Bc6 30. Nb3 Rf4 31. Nxd4 Rxd4 32. Nf3 Rf4 33. Re6 Bb5 34. Bxd5 Kf8 35. Ne5 Rf1+ 36. Kh2 Rd1 37. Ng6+ Kf7 38. Rd6+ Rxd5 39. Nh8+ Kg8 40. Rxd5 Kxh8 41. Rd4 Kg8 42. Rxb4 Kf7 43. Re4 Bd7 1/2-1/2

[Event "Hum na Sutli op 8th"]
[Site "Hum na Sutli"]
[Date "2014.09.01"]
[Round "5"]
[White "Jezidzic, Gordan"]
[Black "Zelenika, Zoran"]
[Result "1/2-1/2"]
[WhiteElo "2179"]
[BlackElo "2099"]
[PlyCount "91"]
[EventDate "2014.08.29"]
[EventType "swiss"]
[EventRounds "9"]
[EventCountry "CRO"]
[SourceTitle "CBM 162 Extra"]
[Source "ChessBase"]
[SourceDate "2014.10.17"]
[SourceVersion "1"]
[SourceVersionDate "2014.10.17"]
[SourceQuality "1"]

1. Nf3 Nf6 2. c4 e6 3. Nc3 Bb4 4. Qb3 Nc6 5. g3 0-0 6. Bg2 d5 7. 0-0 d4 8. a3 Be7 9. Nb1 e5 10. d3 a5 11. Qc2 Ra6 12. b3 h6 13. Nbd2 Bf5 14. Bb2 Re8 15. Ne4 Qd7 16. Rad1 Bh3 17. Nxf6+ Bxf6 18. e4 h5 19. Bc1 h4 20. Ne1 hxg3 21. fxg3 Bxg2 22. Qxg2 Qg4 23. Nc2 Rb6 24. h3 Qg6 25. Na1 Bg5 26. Bxg5 Qxg5 27. Rf5 Qe7 28. Rdf1 Nd8 29. Qb2 Rh6 30. Kg2 g6 31. Rf6 Kg7 32. Qf2 Reh8 33. h4 R8h7 34. Nc2 Kg8 35. b4 Ne6 36. Ne1 axb4 37. axb4 Nf4+ 38. Rxf4 exf4 39. Qxf4 g5 40. Qg4 Rg7 41. h5 Qxb4 42. Nf3 Ra6 43. Rf2 Qd6 44. Qc8+ Kh7 45. Qf5+ Kg8 46. Qc8+ 1/2-1/2

[Event "Hum na Sutli op 8th"]
[Site "Hum na Sutli"]
[Date "2014.08.30"]
[Round "2"]
[White "Zelenika, Zoran"]
[Black "Kurajica, Bojan"]
[Result "1/2-1/2"]
[WhiteElo "2099"]
[BlackElo "2507"]
[PlyCount "51"]
[EventDate "2014.08.29"]
[EventType "swiss"]
[EventRounds "9"]
[EventCountry "CRO"]
[SourceTitle "CBM 162 Extra"]
[Source "ChessBase"]
[SourceDate "2014.10.17"]
[SourceVersion "1"]
[SourceVersionDate "2014.10.17"]
[SourceQuality "1"]

1. d4 Nf6 2. c4 e6 3. g3 Bb4+ 4. Bd2 a5 5. a3 Be7 6. Nc3 d5 7. Nf3 dxc4 8. Qa4+ c6 9. Qxc4 b5 10. Qd3 Ba6 11. Qc2 Nbd7 12. e4 Qb6 13. e5 Nd5 14. Bd3 h6 15. 0-0 0-0 16. Nxd5 cxd5 17. b4 a4 18. Be3 Rfc8 19. Qd2 Bf8 20. Bb1 Qc7 21. Qd3 g6 22. Rc1 Qd8 23. Rxc8 Rxc8 24. h4 Bg7 25. h5 Nf8 26. hxg6 1/2-1/2

[Event "Hum na Sutli op 7th"]
[Site "Hum na Sutli"]
[Date "2013.08.31"]
[Round "2"]
[White "Loncar, Robert"]
[Black "Zelenika, Zoran"]
[Result "1/2-1/2"]
[WhiteElo "2380"]
[BlackElo "2091"]
[PlyCount "147"]
[EventDate "2013.08.30"]
[EventType "swiss"]
[EventRounds "9"]
[EventCountry "CRO"]
[SourceTitle "EXT 2015"]
[Source "ChessBase"]
[SourceDate "2014.11.20"]
[SourceVersion "1"]
[SourceVersionDate "2014.11.20"]
[SourceQuality "1"]

1. d4 Nf6 2. c4 e6 3. Nc3 Bb4 4. e3 0-0 5. Bd3 d5 6. Nf3 c5 7. 0-0 cxd4 8. exd4 dxc4 9. Bxc4 Nbd7 10. Qe2 Nb6 11. Bd3 h6 12. Rd1 Nbd5 13. Bd2 Bd6 14. Ne5 Qb6 15. Nc4 Qd8 16. Qf3 Bb8 17. a3 Nxc3 18. bxc3 Qd5 19. Qxd5 exd5 20. Ne5 Ne4 21. Be1 Nd6 22. Rab1 a6 23. c4 Nxc4 24. Nxc4 dxc4 25. Bxc4 b5 26. Bd5 Ra7 27. Bb4 Rd8 28. Bc6 Bf5 29. Rbc1 Bd6 30. d5 Re7 31. f3 Re3 32. Re1 Rb3 33. Rcd1 Bxb4 34. axb4 Rxb4 35. d6 Be6 36. Re4 Rc4 37. Rxc4 bxc4 38. Kf2 c3 39. Be4 Bb3 40. Rc1 c2 41. Bxc2 Bxc2 42. Rxc2 Rxd6 43. Rc7 Rd2+ 44. Kg3 g6 45. Ra7 Ra2 46. h4 Kg7 47. h5 gxh5 48. Kh3 Kg6 49. g3 Kf6 50. Ra8 a5 51. Ra6+ Kg7 52. f4 a4 53. Ra5 Kg6 54. Ra6+ f6 55. Ra8 a3 56. Ra5 Ra1 57. Kh2 a2 58. Kg2 Kf7 59. Ra6 h4 60. gxh4 Kg6 61. Ra5 f5 62. Kh2 Rf1 63. Rxa2 Rxf4 64. Kg3 Rg4+ 65. Kf3 Rxh4 66. Rg2+ Kf6 67. Ra2 Rg4 68. Ra8 Rb4 69. Rf8+ Kg6 70. Rg8+ Kf7 71. Ra8 Rb6 72. Kf4 Rb5 73. Ra6 Kg7 74. Rc6 1/2-1/2

[Event "Hum na Sutli op 6th"]
[Site "Hum na Sutli"]
[Date "2012.09.14"]
[Round "8"]
[White "Jezidzic, Gordan"]
[Black "Zelenika, Zoran"]
[Result "1-0"]
[WhiteElo "2197"]
[BlackElo "2058"]
[PlyCount "35"]
[EventDate "2012.09.07"]
[EventType "swiss"]
[EventRounds "9"]
[EventCountry "CRO"]
[SourceTitle "CBM 150 Extra"]
[Source "ChessBase"]
[SourceDate "2012.10.19"]
[SourceVersion "1"]
[SourceVersionDate "2012.10.19"]
[SourceQuality "1"]

1. c4 Nf6 2. Nc3 d5 3. e3 c6 4. Nf3 Nbd7 5. d4 e6 6. Qc2 Nb6 7. b3 Bb4 8. Bd2 a5 9. Bd3 a4 10. 0-0 a3 11. Rad1 Qe7 12. Rfe1 c5 13. cxd5 Bxc3 14. Qxc3 cxd4 15. Qxd4 Nbxd5 16. e4 Nc7 17. Bb4 Qd7 18. Qc5 1-0

[Event "Hum na Sutli op 6th"]
[Site "Hum na Sutli"]
[Date "2012.09.08"]
[Round "2"]
[White "Mihalincic, Tomislav"]
[Black "Zelenika, Zoran"]
[Result "1-0"]
[WhiteElo "2264"]
[BlackElo "2058"]
[PlyCount "63"]
[EventDate "2012.09.07"]
[EventType "swiss"]
[EventRounds "9"]
[EventCountry "CRO"]
[SourceTitle "CBM 150 Extra"]
[Source "ChessBase"]
[SourceDate "2012.10.19"]
[SourceVersion "1"]
[SourceVersionDate "2012.10.19"]
[SourceQuality "1"]

1. e4 c5 2. Nf3 e6 3. d4 cxd4 4. Nxd4 a6 5. c4 Nf6 6. Bd3 Qc7 7. 0-0 Bd6 8. h3 h5 9. Re1 Nc6 10. Nxc6 dxc6 11. Be3 Nd7 12. Qd2 a5 13. Nc3 Bb4 14. a3 Bxc3 15. Qxc3 e5 16. c5 Nf8 17. Bc4 Qe7 18. Rad1 g5 19. Rd6 b5 20. Ba2 Bd7 21. f4 gxf4 22. Bxf4 Rg8 23. Bxe5 Qg5 24. Re2 b4 25. Qd4 Bxh3 26. Rf2 Ne6 27. Bxe6 fxe6 28. Bf6 Qc1+ 29. Kh2 bxa3 30. Rd8+ Rxd8 31. Qxd8+ Kf7 32. Bg5+ 1-0

[Event "CRO-chT3 Center-A"]
[Site "Zagreb"]
[Date "2011.04.03"]
[Round "4.31"]
[White "Vukic, Radivoje"]
[Black "Zelenika, Zoran"]
[Result "0-1"]
[WhiteElo "2341"]
[BlackElo "2058"]
[PlyCount "90"]
[EventDate "2011.03.13"]
[EventType "team-tourn"]
[EventRounds "11"]
[EventCountry "CRO"]
[SourceTitle "EXT 2014"]
[Source "ChessBase"]
[SourceDate "2013.11.20"]
[SourceVersion "1"]
[SourceVersionDate "2013.11.20"]
[SourceQuality "1"]

1. d4 Nf6 2. Nf3 d5 3. c4 e6 4. g3 c6 5. Qc2 Nbd7 6. Bg2 Ne4 7. 0-0 Be7 8. Nbd2 f5 9. Ne5 Nxe5 10. dxe5 Qc7 11. Nf3 g5 12. b3 h5 13. Bb2 Bc5 14. Ne1 Nxf2 15. Rxf2 Bxf2+ 16. Kxf2 h4 17. Nf3 Qe7 18. Nd4 Bd7 19. cxd5 cxd5 20. Rc1 hxg3+ 21. hxg3 0-0 22. Qd2 Rac8 23. Rh1 Rf7 24. Bxd5 f4 25. g4 Rh7 26. Bxb7 Rxh1 27. Bxh1 Qh7 28. Bg2 Qh4+ 29. Kf1 Qxg4 30. Qd3 Qh5 31. Nf5 Qh7 32. Nh6+ Kh8 33. Be4 Qxh6 34. Qxd7 Rf8 35. Ke1 g4 36. Ba3 Qh4+ 37. Kf1 Rd8 38. Be7 Qh3+ 39. Bg2 Qxg2+ 40. Kxg2 Rxd7 41. Bg5 Rd4 42. Kf2 Kh7 43. a3 Re4 44. e3 Rxe3 45. Bxf4 Rxb3 0-1

[Event "CRO-chT3 Center-A"]
[Site "Zagreb"]
[Date "2011.03.20"]
[Round "2.21"]
[White "Maravic, Stjepan"]
[Black "Zelenika, Zoran"]
[Result "1-0"]
[WhiteElo "2172"]
[BlackElo "2058"]
[PlyCount "86"]
[EventDate "2011.03.13"]
[EventType "team-tourn"]
[EventRounds "11"]
[EventCountry "CRO"]
[SourceTitle "EXT 2014"]
[Source "ChessBase"]
[SourceDate "2013.11.20"]
[SourceVersion "1"]
[SourceVersionDate "2013.11.20"]
[SourceQuality "1"]

1. d4 Nf6 2. Nf3 d5 3. Bf4 c6 4. e3 Nbd7 5. Bd3 Qb6 6. b3 h6 7. h3 Ne4 8. 0-0 g5 9. Bh2 Bg7 10. Nbd2 f5 11. c4 0-0 12. cxd5 cxd5 13. Rc1 a6 14. Qe2 g4 15. hxg4 fxg4 16. Ne5 g3 17. fxg3 Rxf1+ 18. Rxf1 Nxe5 19. dxe5 Bg4 20. Qe1 Nxd2 21. Qxd2 Bxe5 22. Bb1 Bf6 23. Qxd5+ Be6 24. Qe4 Kf8 25. Qf4 Kg7 26. Qe4 Kf8 27. g4 Ke8 28. Qg6+ Bf7 29. Qxh6 Rd8 30. Be5 Rd2 31. Bxf6 Qc6 32. Qh8+ Kd7 33. Bf5+ Be6 34. e4 Bxf5 35. gxf5 Qxe4 36. Qg7 Qe3+ 37. Kh1 Qe2 38. Rc1 Rd1+ 39. Rxd1+ Qxd1+ 40. Kh2 Qh5+ 41. Kg3 Qxf5 42. Qxe7+ Kc6 43. Qe8+ Kd5 1-0

[Event "CRO-chT4A Center"]
[Site "Zagreb"]
[Date "2010.10.24"]
[Round "9.51"]
[White "Zelenika, Zoran"]
[Black "Hrupacki, Milan"]
[Result "1/2-1/2"]
[WhiteElo "2025"]
[BlackElo "2072"]
[PlyCount "121"]
[EventDate "2010.03.21"]
[EventType "team-tourn"]
[EventRounds "11"]
[EventCountry "CRO"]
[SourceTitle "EXT 2012"]
[Source "ChessBase"]
[SourceDate "2011.11.24"]
[SourceVersion "1"]
[SourceVersionDate "2011.11.24"]
[SourceQuality "1"]

1. Nf3 c6 2. g3 d6 3. Bg2 Qc7 4. e4 Nf6 5. Qe2 e5 6. c3 Be7 7. 0-0 0-0 8. d4 Bg4 9. h3 Bh5 10. g4 Bg6 11. Nh4 Re8 12. Nf5 Bf8 13. dxe5 dxe5 14. Be3 Nbd7 15. Nd2 Nc5 16. Bxc5 Bxc5 17. b4 Bf8 18. Nb3 b6 19. a4 a5 20. bxa5 bxa5 21. Qc4 Red8 22. Rfd1 Rab8 23. Rxd8 Qxd8 24. Rb1 h6 25. Bf3 Kh7 26. Kg2 Qc7 27. Ne3 Ne8 28. Nf5 f6 29. Qa6 Rb7 30. Nd2 Ra7 31. Qd3 Bf7 32. Ne3 g6 33. Ndc4 Ng7 34. Qc2 Ne6 35. Qb2 Nf4+ 36. Kg3 Be6 37. Qb8 Qf7 38. Nxa5 Rxa5 39. Rb7 Be7 40. Qc7 Rxa4 41. Qxe7 Qxe7 42. Rxe7+ Kg8 43. Rc7 Ra6 44. Ng2 g5 45. Nxf4 exf4+ 46. Kg2 Bc4 47. h4 Bb5 48. hxg5 hxg5 49. Bd1 Ra3 50. c4 Bxc4 51. Rxc6 Bd3 52. Bf3 Kf7 53. Rc7+ Ke6 54. Rc6+ Ke7 55. Rc7+ Kd6 56. Rf7 Ke6 57. Rb7 Ra5 58. Rb6+ Ke7 59. Rb7+ Ke6 60. Rb6+ Ke5 61. Rb8 1/2-1/2

[Event "CRO-chT4A Center"]
[Site "Zagreb"]
[Date "2010.04.18"]
[Round "4.22"]
[White "Ranogajec, Vlado"]
[Black "Zelenika, Zoran"]
[Result "1-0"]
[WhiteElo "2074"]
[BlackElo "2025"]
[PlyCount "109"]
[EventDate "2010.03.21"]
[EventType "team-tourn"]
[EventRounds "11"]
[EventCountry "CRO"]
[SourceTitle "EXT 2012"]
[Source "ChessBase"]
[SourceDate "2011.11.24"]
[SourceVersion "1"]
[SourceVersionDate "2011.11.24"]
[SourceQuality "1"]

1. d4 Nf6 2. c4 c6 3. Nc3 d5 4. e3 g6 5. Nf3 Bg7 6. cxd5 cxd5 7. Bb5+ Bd7 8. Qb3 Bc6 9. Bxc6+ bxc6 10. Qb7 0-0 11. 0-0 e6 12. Na4 Nfd7 13. Bd2 Nb6 14. Ba5 Qd7 15. Nc5 Qxb7 16. Nxb7 N8d7 17. Bb4 Rfb8 18. Nc5 Nc4 19. Nxd7 Rxb4 20. b3 Na5 21. Rac1 Rd8 22. Nde5 Rd6 23. Rc5 Rb5 24. Rfc1 f6 25. Nxc6 Rxc5 26. Ne7+ Kf7 27. Rxc5 Kxe7 28. Rxa5 Rd7 29. Kf1 Rc7 30. Ne1 Kd7 31. Nd3 Bf8 32. Ra6 Bd6 33. b4 e5 34. Nc5+ Ke7 35. f3 exd4 36. exd4 Bxh2 37. Re6+ Kf7 38. Ra6 Bf4 39. Ke2 Re7+ 40. Kd1 h5 41. b5 g5 42. a4 g4 43. fxg4 hxg4 44. a5 Be3 45. b6 axb6 46. axb6 Bxd4 47. b7 Be5 48. Ra8 Re8 49. Nd7 Bg3 50. Rxe8 Kxe8 51. b8Q+ Bxb8 52. Nxb8 Ke7 53. Nc6+ Kd6 54. Nd4 Kc5 55. Ne2 1-0